Сніданки для дітей (Запис № 17146)

000 -Маркер запису
Контрольне поле сталої довжини 02647nam a22002417a 4500
003 - Належність контрольного номера
Контрольне поле Uzh_bibl
008 - Кодовані дані
Контрольне поле сталої довжини 260323b |||||||| |||| 00| 0 ukr d
020 ## - Індекс ISBN
ISBN 978-617-7281-10-7
Ціна 190.00
040 ## - Джерело каталогіз.
Код мови каталог. укр.
041 ## - Код мови видання
Код мови оригіналу українська
Код мови тексту українська
080 ## - Індекс УДК
Індекс УДК 641.56
090 ## - Шифри
Поличний індекс 641.56
Авторський знак С 31
100 ## - Автор
Автор Сенічкін,Руслан
245 ## - Назва
Назва Сніданки для дітей
Відповідальність редактор-упорядник О.Маленко
Фізичний носій Текст
260 ## - Вихідні дані
Місце видання Київ
Видавництво Бурда-Україна
Дата видання 2015
300 ## - Фізичний опис
Обсяг 212 с.
Ілл./тип відтвор. іл.
Тип одиниці В опр.
520 ## - Анотація
Анотація Друга книжка улюбленого телекулінара країни, ведучого «Сніданку з 1+1», дворазового володаря премії «Телетріумф» Руслана Сенічкіна присвячена дитячому меню. «Сніданки для дітей» - це рецепти, ретельно дібрані для маленьких ласунів та перевірені разом зі співавтором-експертом, лікарем-дієтологом Галиною Незговоровою, тож у меню тільки корисні, поживні, вітамінні та натуральні пропозиції, які легко готувати і важливо споживати. Руслан на 100% дотримався свого основного правила на кухні: корисна їжа може бути смачною. Всі страви були яскраво сервіровані за допомогою фуд-стиліста – для діток це додатковий стимул з’їсти все до крихти та справжня естетична насолода.<br/>Кожна родина знайде в добірці нові цікаві рецепти для малят від 6 місяців і аж до гурманів старшого шкільного віку.<br/>Окремо представлено святкові страви, сімейні рецепти зірок, пропозиції смачних перекусів та страви з дитинства Сенічкіна. Ці кулінарні ідеї легкі, не вимагають складних інгредієнтів і можуть стати вашими улюбленими родинними рецептами.
521 ## - Примітка про цільове призначення
Примітка про цільове призначення Для широкого кола читачів
546 ## - Примітка про мову
Примітка про мову укр.
650 ## - Тематичні рубрики
Основна рубрика Популярна література
653 ## - Ключові слова
Ключові слова Рецепти
-- Сніданок
942 ## - ADDED ENTRY ELEMENTS (KOHA)
Джерело класифікації чи схема поличного розташування
Koha item type Книги
Фонди
Статус вилучення Статус втрати/відсутності Джерело класифікації чи схема поличного розташування Статус пошкодження Тип обігу (не для випозичання) Постійне розташування Поточне розташування Дата надходження Джерело надходження (постачальник) Інвентарний номер Total Checkouts Повний (примірниковий) шифр зберігання Штрих-код Date last seen Дата, для якої чинна ціна заміни Тип одиниці (рівень примірника)
          Бібліотека-філія №2 Бібліотека-філія №2 16/03/2026 Подаровані 80806   641.56 19262 23/03/2026 17/03/2026 Книги

Працює на АБІС Коха